000 00600nam a2200205Ia 4500
003 GCL
008 140319s9999 xx 000 0 ara d
040 _aGCL /
_cGCL
082 0 4 _a810.9
_bط م
100 1 _aطه حسين
245 1 0 _aمع ابى العلاء فى سجنة /
_cطه حسين
260 _aالقاهرة :
_bدار المعارف ،
_c1989
300 _a236 ص
490 _a
650 0 4 _aالادب العربى
650 0 4 _aالدولة العباسية الثانية
650 0 4 _aابوالعلاء المعرى
650 0 4 _aتاريخ ونقد
942 _2ddc
_cBK
999 _c28695
_d28695